K-Pop Quiz (HYBE Groups) - Statistics

General Stats
  • This quiz has been taken 60 times
  • The average score is 54 of 94
Answer Stats
Answer % Correct
SEVENTEEN Jun
95%
&TEAM K
95%
BTS V
95%
BTS Jimin
92%
BTS Suga
92%
ENHYPEN Heeseung
89%
BTS RM
89%
ENHYPEN Jay
86%
BTS Jin
86%
BTS Jungkook
86%
ENHYPEN Jake
84%
CORTIS James
84%
BTS J Hope
84%
CORTIS Martin
84%
BOYNEXTDOOR Sungho
84%
LE SSERAFIM Chaewon
81%
LE SSERAFIM Eunchae
81%
TXT Heuning Kai
81%
ENHYPEN Jungwon
81%
ENHYPEN Niki
81%
LE SSERSFIM Sakura
81%
TXT Soobin
81%
ENHYPEN Sunghoon
81%
ENHYPEN Sunoo
81%
TXT Yeonjun
81%
LE SSERAFIM Yunjin
81%
TXT Beomgyu
78%
ILLIT Iroha
78%
LE SSERAFIM Kazuha
78%
KATSEYE Lara
78%
KATSEYE Manon
78%
ILLIT Minju
78%
ILLIT Moka
78%
KATSEYE Sophia
78%
KATSEYE Yoonchae
78%
KATSEYE Daniella
76%
TXT Taehyun
76%
NEW JEANS Danielle
73%
NEW JEANS Hanni
73%
ILLIT Wonhee
73%
ILLIT Yunah
73%
KATSEYE Megan
70%
NEW JEANS Minji
70%
NEW JEANS Haerin
68%
NEW JEANS Hyein
68%
&TEAM Jo
68%
CORTIS Keonho
65%
SEVENTEEN Woozi
65%
SEVENTEEN Hoshi
62%
SEVENTEEN DK
59%
CORTIS Juhoon
59%
SEVENTEEN The8
59%
SEVENTEEN Dino
57%
CORTIS Seonghyeon
57%
SEVENTEEN Vernon
57%
TWS Dohoon
54%
SEVENTEEN Joshua
54%
SEVENTEEN Mingyu
51%
SEVENTEEN Seungkwan
51%
BOYNEXTDOOR Jaehyun
49%
SEVENTEEN Wonwoo
49%
&TEAM Nicholas
46%
&TEAM EJ
43%
SEVENTEEN Jeonghan
43%
&TEAM Maki
43%
&TEAM Harua
41%
TWS Kyungmin
41%
&TEAM Taki
41%
TWS Jihoon
38%
BOYNEXTDOOR Leehan
38%
BOYNEXTDOOR Riwoo
38%
TWS Shinyu
38%
BOYNEXTDOOR Woonhak
38%
&TEAM Fuma
35%
TWS Hanjin
35%
BOYNEXTDOOR Taesan
35%
&TEAM Yuma
35%
TWS Youngjae
32%
SOLO Lee Hyun
22%
SOLO Zico
19%
SANTOS BRAVOS Alejandro
11%
SANTOS BRAVOS Drew
11%
SANTOS BRAVOS Gabi
11%
SANTOS BRAVOS Kaue
11%
SOLO Minhyun
11%
AEON Gaku
8%
SANTOS BRAVOS Kenneth
8%
SOLO Bumzu
5%
AEON Reo
5%
AEON Ruka
5%
AEON Yuju
5%
AEON Hikaru
3%
AEON Kyosuke
3%
AEON Sota
3%
No matching quizzes found
Score Distribution
Percent of People with Each Score
Percentile by Number Answered
Your Score History
You have not taken this quiz